000 01337cam a2200373 a 4500
999 _c553
_d553
001 15389783
003 GZU
005 20200907110323.0
008 080731s2009 enkab b 001 0 eng
010 _a 2008033901
015 _aGBA894123
_2bnb
016 7 _a014680606
_2Uk
020 _a9781405899383 (pbk.)
020 _a1405899387 (pbk.)
035 _a(OCoLC)ocn237194339
040 _aDLC
_cDLC
_dUKM
_dYDXCP
_dBWK
_dBWKUK
_dBWX
_dDLC
050 0 0 _aD 843
_bCAL 2008
082 0 0 _a909.82
_222
082 0 0 _a320.9045
_222
100 1 _aCalvocoressi, Peter.
245 1 0 _aWorld politics since 1945 /
_cPeter Calvocoressi.
250 _a9th ed.
260 _aHarlow, England ;
_aNew York :
_bPearson Longman,
_c2009.
300 _aix, 843 p. :
_bill., maps ;
_c24 cm.
500 _aRev. ed. of: World politics, 1945-2000.
504 _aIncludes bibliographical references and index.
650 0 _aWorld politics
_y1945-1989.
650 0 _aWorld politics
_y1989-
700 1 _aCalvocoressi, Peter.
_tWorld politics, 1945-2000.
856 4 1 _3Table of contents only
_uhttp://www.loc.gov/catdir/toc/ecip0825/2008033901.html
906 _a7
_bcbc
_corignew
_d1
_eecip
_f20
_gy-gencatlg
942 _2lcc
_cBK
_h843
_iCAL
_kD